The interrelationship between substance use and precocious transition to adult statuses

Gespeichert in:  
Bibliographische Detailangaben
VerfasserInnen: Krohn, Marvin D. 1947- (Verfasst von) ; Perez, Cynthia M. (Verfasst von) ; Lizotte, Alan J. (Verfasst von)
Medienart: Druck Aufsatz
Sprache:Englisch
Veröffentlicht: 1997
In: Journal of health and social behavior
Jahr: 1997, Band: 38, Heft: 1, Seiten: 87-103
Verfügbarkeit prüfen: HBZ Gateway

MARC

LEADER 00000caa a22000002c 4500
001 1912595710
003 DE-627
005 20250126055018.0
007 tu
008 241217s1997 xx ||||| 00| ||eng c
035 |a (DE-627)1912595710 
035 |a (DE-599)KXP1912595710 
040 |a DE-627  |b ger  |c DE-627  |e rda 
041 |a eng 
084 |a 2,1  |2 ssgn 
100 1 |a Krohn, Marvin D.  |d 1947-  |e VerfasserIn  |0 (DE-588)170163555  |0 (DE-627)060209860  |0 (DE-576)161837654  |4 aut 
109 |a Krohn, Marvin D. 1947-  |a Krohn, Marvin 1947-  |a Krohn, Marv 1947-  |a Krohn, Marvin Donald 1947- 
245 1 4 |a The interrelationship between substance use and precocious transition to adult statuses 
264 1 |c 1997 
336 |a Text  |b txt  |2 rdacontent 
337 |a ohne Hilfsmittel zu benutzen  |b n  |2 rdamedia 
338 |a Band  |b nc  |2 rdacarrier 
700 1 |a Perez, Cynthia M.  |e VerfasserIn  |4 aut 
700 1 |a Lizotte, Alan J.  |e VerfasserIn  |0 (DE-588)1207784567  |0 (DE-627)1694109232  |0 (DE-576)167377477  |4 aut 
773 0 8 |i Enthalten in  |t Journal of health and social behavior  |d Los Angeles, Calif. [u.a.] : Sage, 1967  |g 38(1997), 1, Seite 87-103  |w (DE-627)129545589  |w (DE-600)218206-3  |w (DE-576)014995808  |x 0022-1465  |7 nnas 
773 1 8 |g volume:38  |g year:1997  |g number:1  |g pages:87-103 
787 0 8 |i Forschungsdaten  |a Thornberry, Terence P.  |t Rochester Youth Development Study Phase 1 Data, 1988-1992 (Rochester, New York)  |d [Erscheinungsort nicht ermittelbar] : [Verlag nicht ermittelbar], 2016  |w (DE-627)1840044411 
935 |a mkri 
951 |a AR 
ELC |b 1 
LOK |0 000 xxxxxcx a22 zn 4500 
LOK |0 001 463756123X 
LOK |0 003 DE-627 
LOK |0 004 1912595710 
LOK |0 005 20241217044620 
LOK |0 008 241217||||||||||||||||ger||||||| 
LOK |0 035   |a (DE-2619)ICPSR116228 
LOK |0 040   |a DE-2619  |c DE-627  |d DE-2619 
LOK |0 092   |o n 
LOK |0 852   |a DE-2619 
LOK |0 852 1  |9 00 
LOK |0 935   |a nacp 
LOK |0 939   |a 17-12-24  |b l01 
ORI |a SA-MARC-krimdoka001.raw